U2 Sunday Bloody Sunday Lyrics - Statistics

General Stats
  • This quiz has been taken 408 times
  • The average score is 171 of 231
Answer Stats
Answer % Correct
I
98%
the
96%
The
96%
To
96%
be
94%
can
94%
we
93%
We
93%
blood
91%
Sunday
91%
(Sunday
91%
Sunday)
91%
today
91%
can't
90%
go
90%
it
90%
It
90%
news
90%
and
89%
And
89%
away
89%
Bloody
89%
make
88%
believe
87%
How
87%
how
87%
my
87%
this
87%
long
86%
long?
86%
sing
84%
song?
84%
eyes
83%
On
83%
must
82%
tonight
82%
Tonight
82%
as
80%
close
79%
one
78%
children
77%
who
77%
battle
74%
won
72%
Cause
70%
But
67%
but
67%
just
67%
Oh
67%
me
65%
up
65%
has
64%
street
64%
back
63%
begun
62%
feet
62%
against
61%
dead
61%
wall
61%
bottles
59%
call
59%
Broken
58%
children's
58%
tell
57%
under
57%
end
56%
Bodies
55%
is
55%
die
54%
many
54%
they
54%
won't
54%
across
53%
puts
53%
Puts
53%
sisters
53%
battle's
52%
brothers
52%
lost
52%
our
52%
your
52%
apart
51%
When
51%
are
50%
cry
50%
heed
50%
mothers
50%
hearts
47%
tears
47%
real
46%
torn
46%
strewn
45%
it's
44%
tomorrow
44%
drink
43%
from
43%
while
43%
Wipe
43%
wipe
43%
millions
42%
reality
42%
There's
41%
TV
40%
within
40%
eat
39%
true
39%
fiction
37%
fact
34%
immune
34%
Jesus
34%
trench
34%
victory
33%
shot
28%
dug
27%
claim
25%
No matching quizzes found
Score Distribution
Percent of People with Each Score
Percentile by Number Answered
Your Score History
You have not taken this quiz